000 00637nam a2200193Ii 4500
003 JO-AjNU
008 230605s9999||||xx |||||||||||||| ||und||
040 _aJO-AjNU
_bara
_erda
_cJO-AjNU
041 _aara
050 1 4 _aTS155 1993
100 3 _aالموسوي، منعم جلوب زمزير ,
_eauthor
_918934
245 0 0 _aمدخل علمي في ادارة الانتاج والعمليات
264 3 1 _aعمان:دار زهران للنشر،1993
300 _a287ص
336 _atext
_btxt
_2rdacontent
337 _aunmediated
_bn
_2rdamedia
338 _avolume
_bnc
_2rdacarrier
650 4 _aالانتاج- ادارة
_918935
999 _aA6148
_c9716
_d9716